Cesar's way : (Record no. 756)

MARC details
000 -LEADER
fixed length control field 02874cam a22003614a 4500
005 - DATE AND TIME OF LATEST TRANSACTION
control field 20260322212033.0
008 - FIXED-LENGTH DATA ELEMENTS--GENERAL INFORMATION
fixed length control field data
010 ## - LIBRARY OF CONGRESS CONTROL NUMBER
LC control number 2005030886
020 ## - INTERNATIONAL STANDARD BOOK NUMBER
International Standard Book Number 0307337332
020 ## - INTERNATIONAL STANDARD BOOK NUMBER
International Standard Book Number 9780307337337
040 ## - CATALOGING SOURCE
Original cataloging agency DLC
Transcribing agency DLC
Modifying agency DLC
-- BAKER
-- OCO
-- BUR
-- CRH
-- VP@
-- DLC
042 ## - AUTHENTICATION CODE
Authentication code pcc
050 00 - LIBRARY OF CONGRESS CALL NUMBER
Classification number SF433
Item number .M554 2006
082 00 - DEWEY DECIMAL CLASSIFICATION NUMBER
Classification number 636.7/0887
Edition information 22
092 ## - LOCALLY ASSIGNED DEWEY CALL NUMBER (OCLC)
Classification number 636.7 M554 2006
001 - CONTROL NUMBER
control field data
100 1# - MAIN ENTRY--PERSONAL NAME
Personal name Millan, Cesar.
245 10 - TITLE STATEMENT
Title Cesar's way :
Remainder of title the natural, everyday guide to understanding and correcting common dog problems /
Statement of responsibility, etc. Cesar Millan & Melissa Jo Peltier.
250 ## - EDITION STATEMENT
Edition statement 1st ed.
260 ## - PUBLICATION, DISTRIBUTION, ETC.
Place of publication, distribution, etc. New York :
Name of publisher, distributor, etc. Harmony Books,
Date of publication, distribution, etc. c2006.
300 ## - PHYSICAL DESCRIPTION
Extent xviii, 298 p. :
Other physical details ill. ;
Dimensions 22 cm.
504 ## - BIBLIOGRAPHY, ETC. NOTE
Bibliography, etc. note Includes bibliographical references (p. 282-286) and index.
505 0# - FORMATTED CONTENTS NOTE
Formatted contents note Prologue. A dog's life -- 1. Growing up with dogs : a view from the other side of the border -- 2. If we could talk to the animals : the language of energy -- 3. Dog psychology : no couch required -- 4. Power of the pack -- 5. Issues : how we screw up our dogs -- 6. Dogs in the red zone : dangerous aggression -- 7. Cesar's fulfillment formula for a balanced and healthy dog -- 8. "Can't we all just get along?" : simple tips for living happily with your dog -- 9. Fulfilling our dogs, fulfilling ourselves -- Cesar's glossary of terms -- Recommendations for further reading -- Cesar recommends : organizations to turn to.
520 ## - SUMMARY, ETC.
Summary, etc. Learn what goes on inside your dog's mind and develop a positive, fulfilling relationship with your best friend. "Dog Whisperer" Cesar Millan is America's most sought-after dog-behavior expert, but he is not a trainer in the traditional sense--his expertise lies in his ability to comprehend dog psychology. Tracing his own journey from a clay-walled farm in Mexico to the celebrity palaces of Los Angeles, Cesar recounts how he learned what makes dogs tick. Here, he shares this wisdom. Cesar's formula for a contented and balanced dog seems impossibly simple: exercise, discipline, and affection, in that order. Whether you're having issues with your dog or just want to make a good bond even stronger, this book will give you a deeper appreciation of how your dog sees the world, and it will help make your relationship with your beloved pet a richer and more rewarding one.--From publisher description.
650 #0 - SUBJECT ADDED ENTRY--TOPICAL TERM
Topical term or geographic name entry element Dogs
General subdivision Behavior.
650 #0 - SUBJECT ADDED ENTRY--TOPICAL TERM
Topical term or geographic name entry element Dogs
General subdivision Training.
650 #0 - SUBJECT ADDED ENTRY--TOPICAL TERM
Topical term or geographic name entry element Human-animal communication.
700 1# - ADDED ENTRY--PERSONAL NAME
Personal name Peltier, Melissa Jo.
856 41 - ELECTRONIC LOCATION AND ACCESS
Materials specified Table of contents only
Uniform Resource Identifier <a href="http://www.loc.gov/catdir/toc/ecip062/2005030886.html">http://www.loc.gov/catdir/toc/ecip062/2005030886.html</a>
856 42 - ELECTRONIC LOCATION AND ACCESS
Materials specified Contributor biographical information
Uniform Resource Identifier <a href="http://www.loc.gov/catdir/enhancements/fy0623/2005030886-b.html">http://www.loc.gov/catdir/enhancements/fy0623/2005030886-b.html</a>
856 42 - ELECTRONIC LOCATION AND ACCESS
Materials specified Publisher description
Uniform Resource Identifier <a href="http://www.loc.gov/catdir/enhancements/fy0623/2005030886-d.html">http://www.loc.gov/catdir/enhancements/fy0623/2005030886-d.html</a>
856 41 - ELECTRONIC LOCATION AND ACCESS
Materials specified Sample text
Uniform Resource Identifier <a href="http://www.loc.gov/catdir/enhancements/fy0661/2005030886-s.html">http://www.loc.gov/catdir/enhancements/fy0661/2005030886-s.html</a>
Holdings
Withdrawn status Lost status Damaged status Not for loan Home library Current library Shelving location Date acquired Total checkouts Full call number Barcode Date last seen Price effective from Koha item type
        Union Union General stacks 22/03/2026   636.7/0887 22 BC0010775 22/03/2026 22/03/2026 Books